| 000 | 00649nam a2200241Ia 4500 | ||
|---|---|---|---|
| 999 |
_c49643 _d49643 |
||
| 001 | 16575 | ||
| 003 | GE_BSU | ||
| 005 | 20250204104444.0 | ||
| 008 | 181216s2005||||enk|||||||||||||| ||eng|| | ||
| 020 | _a9781405819879 | ||
| 040 | _cGE_BSU | ||
| 041 | _aeng | ||
| 080 | _a811.111(75.08) A-18 | ||
| 100 |
_aFoley, Mark _924180 |
||
| 245 |
_aTotal English : Elementary Workbook (with key) / _cMark Foley, Diane Hall. |
||
| 264 |
_aEdinburg : _bPearson Longman, _c2005. |
||
| 300 |
_a96 p. ; _c29 cm. |
||
| 541 | _h5ლ. | ||
| 653 | _aElementary Workbook | ||
| 653 | _aTotal English | ||
| 700 |
_aHall, Diane _c author _924220 |
||
| 942 |
_cBK _2udc |
||